[Event "41st POL-ch"]
[Site "Poznan POL"]
[Date "1984.02.??"]
[Round "1"]
[White "Schmidt, Wlodzimierz"]
[Black "Ksieski, Zbigniew"]
[Result "1/2-1/2"]
[WhiteElo "2485"]
[BlackElo "2400"]
[EventDate "1984.02.12"]
[PlyCount "31"]

1.d4 Nf6 2.c4 e6 3.Nf3 Bb4+ 4.Nbd2 b6 5.e3 Bb7 6.Be2 c5 7.a3 Bxd2+ 8.Qxd2 
Qe7 9.O-O d6 10.Rd1 Ne4 11.Qc2 Nd7 12.b4 O-O 13.Bb2 f5 14.dxc5 bxc5 15.Ne1
e5 16.Nd3 1/2-1/2

[Event "41st POL-ch"]
[Site "Poznan POL"]
[Date "1984.02.??"]
[Round "1"]
[White "Nowak, Ignacy"]
[Black "Sydor, Andrzej"]
[Result "1-0"]
[WhiteElo "2360"]
[BlackElo "2395"]
[EventDate "1984.02.12"]
[PlyCount "115"]

1.d4 Nf6 2.c4 e6 3.Nf3 Bb4+ 4.Bd2 a5 5.g3 d5 6.Qc2 Nc6 7.a3 Be7 8.Bg2 dxc4
9.Qxc4 Qd5 10.Qd3 Qf5 11.Qxf5 exf5 12.Bf4 Nd5 13.Nc3 Nxf4 14.gxf4 Bd6 15.
e3 Ne7 16.Nb5 Bd7 17.Nxd6+ cxd6 18.Nd2 Bc6 19.Bxc6+ Nxc6 20.Nc4 Ke7 21.Nb6
Ra6 22.Nd5+ Kd7 23.Rg1 g6 24.Rc1 h5 25.Kd2 Rc8 26.Kd3 Na7 27.Rxc8 Nxc8 28.
f3 Ne7 29.Nc3 Rb6 30.Rg2 Ke6 31.e4 fxe4+ 32.fxe4 d5 33.Re2 Kd6 34.f5 dxe4+
35.Nxe4+ Kc7 36.Nc3 Nxf5 37.Nd5+ Kc6 38.Nxb6 Kxb6 39.Rc2 Nd6 40.a4 g5 41.
Rc5 f5 42.Rd5 Kc6 43.Rxa5 h4 44.Ra8 g4 45.Rh8 g3 46.hxg3 hxg3 47.Rg8 Ne4 
48.Rg7 Nf2+ 49.Ke2 f4 50.Kf3 Nd3 51.b3 b6 52.Ke4 Nc1 53.Kxf4 Nxb3 54.Ke5 
Nd2 55.Rxg3 Nc4+ 56.Ke6 Nb2 57.d5+ Kb7 58.Rg4 1-0

[Event "41st POL-ch"]
[Site "Poznan POL"]
[Date "1984.02.??"]
[Round "1"]
[White "Pokojowczyk, Jerzy"]
[Black "Dejkalo, Stefan"]
[Result "1/2-1/2"]
[WhiteElo "2370"]
[BlackElo "2335"]
[EventDate "1984.02.12"]
[PlyCount "39"]

1.e4 c6 2.d4 d5 3.e5 Bf5 4.c3 e6 5.Be3 Qb6 6.Qb3 Nd7 7.Nd2 h5 8.f4 Nh6 9.
Ngf3 Be7 10.Be2 a5 11.h3 a4 12.Qxb6 Nxb6 13.g3 Kd7 14.Kf2 Kc7 15.Kg2 Nd7 
16.Nh2 Bg6 17.g4 hxg4 18.hxg4 b5 19.a3 Nb6 20.Raf1 1/2-1/2

[Event "41st POL-ch"]
[Site "Poznan POL"]
[Date "1984.02.??"]
[Round "1"]
[White "Balicki, Cezary"]
[Black "Adamski, Jan"]
[Result "1/2-1/2"]
[WhiteElo "2230"]
[BlackElo "2460"]
[EventDate "1984.02.12"]
[PlyCount "32"]

1.d4 Nf6 2.Nf3 e6 3.c4 b6 4.g3 Ba6 5.b3 Bb4+ 6.Bd2 Be7 7.Nc3 d5 8.Bg2 c6 
9.O-O O-O 10.Bf4 Nbd7 11.Qd3 c5 12.Nb5 Bb7 13.Bc7 Qc8 14.Bd6 Qd8 15.Bc7 
Qc8 16.Bd6 Qd8 1/2-1/2

[Event "41st POL-ch"]
[Site "Poznan POL"]
[Date "1984.02.??"]
[Round "1"]
[White "Szymczak, Zbigniew"]
[Black "Bany, Jerzy"]
[Result "1-0"]
[WhiteElo "2355"]
[BlackElo "2430"]
[EventDate "1984.02.12"]
[PlyCount "115"]

1.d4 d5 2.c4 c6 3.Nc3 Nf6 4.Nf3 a6 5.cxd5 cxd5 6.Bf4 Nc6 7.e3 Bg4 8.h3 Bh5
9.Be2 e6 10.O-O Be7 11.Ne5 Bxe2 12.Qxe2 Rc8 13.Rfc1 O-O 14.Nd3 Nb4 15.Nxb4
Bxb4 16.Na4 Qa5 17.Qd1 Rxc1 18.Rxc1 b5 19.Nc5 Bxc5 20.dxc5 Rc8 21.Be5 Ne8 
22.a3 f6 23.Qg4 Rc6 24.Bc3 Qa4 25.Qb4 Kf7 26.b3 Qxb4 27.axb4 e5 28.f4 Ke6 
29.g4 Rc8 30.Rf1 Nd6 31.Ra1 Rc6 32.f5+ Kd7 33.Rd1 Ne4 34.Rxd5+ Kc7 35.Be1 
a5 36.Kg2 axb4 37.Bxb4 Ra6 38.h4 Ra2+ 39.Kf3 Nf2 40.Bd2 Kc6 41.Rd8 Nd1 42.
Bb4 Ra1 43.Rd6+ Kb7 44.Ke2 Nb2 45.Bc3 Rh1 46.Rb6+ Kc7 47.Ba5 Ra1 48.b4 Nc4
49.Rxf6+ Nxa5 50.Ra6 Ra4 51.Rxa5 Rxb4 52.Ra7+ Kc6 53.Rxg7 Kxc5 54.Kf3 h5 
55.g5 Rxh4 56.f6 e4+ 57.Kg2 Rg4+ 58.Kf2 1-0

[Event "41st POL-ch"]
[Site "Poznan POL"]
[Date "1984.02.??"]
[Round "1"]
[White "Swic, Waldemar"]
[Black "Stempin, Pawel"]
[Result "1/2-1/2"]
[WhiteElo "2365"]
[BlackElo "2400"]
[EventDate "1984.02.12"]
[PlyCount "38"]

1.e4 c5 2.Nf3 d6 3.d4 cxd4 4.Nxd4 Nf6 5.Nc3 e6 6.g3 Nc6 7.Bg2 Bd7 8.O-O 
Be7 9.Nce2 a6 10.c4 Rc8 11.b3 O-O 12.Bb2 b5 13.cxb5 Nxd4 14.Nxd4 axb5 15.
Qd2 Qb6 16.Ba3 Rfe8 17.Bb4 Ng4 18.Rad1 Ne5 19.Rfe1 Ra8 1/2-1/2

[Event "41st POL-ch"]
[Site "Poznan POL"]
[Date "1984.02.??"]
[Round "1"]
[White "Zolnierowicz, Krzysztof"]
[Black "Sznapik, Aleksander"]
[Result "0-1"]
[WhiteElo "2330"]
[BlackElo "2460"]
[EventDate "1984.02.12"]
[PlyCount "76"]

1.e4 c5 2.Nf3 e6 3.d4 cxd4 4.Nxd4 a6 5.Bd3 Nf6 6.O-O d6 7.c4 Nbd7 8.Nc3 b6
9.b3 Bb7 10.Qe2 g6 11.Ba3 Be7 12.f4 O-O 13.Bb2 Nh5 14.Rad1 Bf6 15.Bb1 Bg7 
16.f5 Qe7 17.g4 e5 18.Nc6 Qg5 19.Ne7+ Kh8 20.Ned5 Nf4 21.Qf3 gxf5 22.exf5 
Nf6 23.Ne4 Nxe4 24.Bxe4 h5 25.Nxf4 hxg4 26.Qg2 Bxe4 27.Qxe4 exf4 28.Bxg7+ 
Qxg7 29.Qxf4 Rad8 30.f6 Qg6 31.Rd5 Rg8 32.Qg3 Qh6 33.Rff5 Qc1+ 34.Kg2 Rg6 
35.Qf2 Re8 36.Rxd6 Qe3 37.Rd7 Qh3+ 38.Kg1 g3 0-1

[Event "41st POL-ch"]
[Site "Poznan POL"]
[Date "1984.02.??"]
[Round "2"]
[White "Bany, Jerzy"]
[Black "Staniszewski, Piotr"]
[Result "1/2-1/2"]
[WhiteElo "2430"]
[BlackElo "2405"]
[EventDate "1984.02.12"]
[PlyCount "74"]

1.Nf3 d5 2.d4 Nf6 3.g3 e6 4.Bg2 Be7 5.O-O O-O 6.c4 dxc4 7.Qc2 a6 8.a4 Bd7 
9.Rd1 Bc6 10.Nc3 Bb4 11.Bg5 Nbd7 12.d5 exd5 13.Nxd5 Be7 14.Bxf6 Bxf6 15.
Bh3 Ne5 16.Nxe5 Bxe5 17.Nb6 cxb6 18.Rxd8 Rfxd8 19.Qxc4 Bxb2 20.Rb1 Bf6 21.
Rxb6 Rd1+ 22.Bf1 Rad8 23.Rxc6 bxc6 24.Qxa6 Rc1 25.Kg2 g6 26.e3 Rd2 27.Qc8+
Kg7 28.Qg4 Rcc2 29.Qf4 Bc3 30.Bc4 Rxf2+ 31.Qxf2 Rxf2+ 32.Kxf2 Kf6 33.Ke2 
Ke7 34.g4 h6 35.h4 Ba5 36.Bb3 Bc7 37.Kf3 Bb6 1/2-1/2

[Event "41st POL-ch"]
[Site "Poznan POL"]
[Date "1984.02.??"]
[Round "2"]
[White "Flis, Jacek"]
[Black "Nowak, Ignacy"]
[Result "1/2-1/2"]
[WhiteElo "2360"]
[BlackElo "2360"]
[EventDate "1984.02.12"]
[PlyCount "28"]

1.e4 c5 2.Nf3 e6 3.b3 d5 4.exd5 exd5 5.Bb5+ Bd7 6.Bxd7+ Qxd7 7.O-O Nf6 8.
Re1+ Be7 9.Ba3 O-O 10.d4 Na6 11.Nc3 Rfe8 12.dxc5 Nxc5 13.Ne5 Qd8 14.Qf3 
Nce4 1/2-1/2

[Event "41st POL-ch"]
[Site "Poznan POL"]
[Date "1984.02.??"]
[Round "2"]
[White "Sznapik, Aleksander"]
[Black "Dejkalo, Stefan"]
[Result "1-0"]
[WhiteElo "2460"]
[BlackElo "2335"]
[EventDate "1984.02.12"]
[PlyCount "71"]

1.e4 c6 2.d4 d5 3.Nc3 dxe4 4.Nxe4 Bf5 5.Ng3 Bg6 6.h4 h6 7.Nf3 Nd7 8.h5 Bh7
9.Bd3 Bxd3 10.Qxd3 Qc7 11.Bd2 e6 12.O-O-O Ngf6 13.Ne4 Nxe4 14.Qxe4 Nf6 15.
Qe2 Rd8 16.Kb1 c5 17.dxc5 Bxc5 18.Ne5 O-O 19.g4 Bd6 20.Nd3 Rc8 21.Bc1 Qc4 
22.g5 hxg5 23.Bxg5 Nd5 24.Rdg1 Kh8 25.Rh4 Qb5 26.Bd2 Be7 27.a4 Qc6 28.Bg5 
Bxg5 29.Rxg5 f6 30.Rg6 Ne7 31.Nf4 e5 32.h6 Nxg6 33.Nxg6+ Kh7 34.Nxf8+ Rxf8
35.hxg7+ Kxg7 36.Qh5 1-0

[Event "41st POL-ch"]
[Site "Poznan POL"]
[Date "1984.02.??"]
[Round "2"]
[White "Stempin, Pawel"]
[Black "Balicki, Cezary"]
[Result "1-0"]
[WhiteElo "2400"]
[BlackElo "2230"]
[EventDate "1984.02.12"]
[PlyCount "58"]

1.d4 Nf6 2.c4 e6 3.Nc3 d5 4.Bg5 Be7 5.e3 h6 6.Bxf6 Bxf6 7.Nf3 O-O 8.Qd2 b6
9.cxd5 exd5 10.Be2 Be6 11.b4 Be7 12.Rb1 a5 13.b5 Bd6 14.O-O Nd7 15.Ne1 Qh4
16.g3 Qh3 17.Bf3 Nf6 18.Bg2 Qh5 19.Nd3 Rae8 20.Nf4 Bxf4 21.exf4 g5 22.Rfe1
Qg4 23.h3 Qh5 24.g4 Bxg4 25.hxg4 Qxg4 26.fxg5 hxg5 27.Re5 Rxe5 28.dxe5 Nh5
29.Nxd5 Kg7 1-0

[Event "41st POL-ch"]
[Site "Poznan POL"]
[Date "1984.02.??"]
[Round "2"]
[White "Sydor, Andrzej"]
[Black "Swic, Waldemar"]
[Result "1/2-1/2"]
[WhiteElo "2395"]
[BlackElo "2365"]
[EventDate "1984.02.12"]
[PlyCount "44"]

1.d4 Nf6 2.Nf3 g6 3.Bf4 Bg7 4.e3 O-O 5.Be2 d6 6.h3 Nbd7 7.O-O e6 8.c4 Qe7 
9.Nc3 e5 10.Bh2 b6 11.Qc2 Bb7 12.Rad1 Rac8 13.b4 Rfe8 14.d5 Kh8 15.Nb5 a6 
16.Na7 Ra8 17.Nc6 Qf8 18.Nd2 Ng8 19.Nb3 Ne7 20.Nxe7 Qxe7 21.e4 Bc8 22.Bg4 
f5 1/2-1/2

[Event "41st POL-ch"]
[Site "Poznan POL"]
[Date "1984.02.??"]
[Round "2"]
[White "Adamski, Jan"]
[Black "Schmidt, Wlodzimierz"]
[Result "1/2-1/2"]
[WhiteElo "2460"]
[BlackElo "2485"]
[EventDate "1984.02.12"]
[PlyCount "43"]

1.Nf3 Nf6 2.c4 g6 3.Nc3 Bg7 4.e4 d6 5.d4 O-O 6.Be2 e5 7.dxe5 dxe5 8.Qxd8 
Rxd8 9.Bg5 Re8 10.Nd5 Nxd5 11.cxd5 c6 12.Bc4 cxd5 13.Bxd5 Nc6 14.Bxc6 bxc6
15.Nd2 Be6 16.O-O-O h6 17.Be3 Reb8 18.Kb1 Rb5 19.Rc1 Rab8 20.b3 a5 21.Rxc6
a4 22.Rhc1 1/2-1/2

[Event "41st POL-ch"]
[Site "Poznan POL"]
[Date "1984.02.??"]
[Round "2"]
[White "Zolnierowicz, Krzysztof"]
[Black "Szymczak, Zbigniew"]
[Result "1-0"]
[WhiteElo "2330"]
[BlackElo "2355"]
[EventDate "1984.02.12"]
[PlyCount "29"]

1.Nf3 Nf6 2.c4 g6 3.g3 Bg7 4.Bg2 d5 5.cxd5 Nxd5 6.O-O c5 7.Nc3 Nc6 8.Nxd5 
Qxd5 9.d3 Qd6 10.Be3 Bxb2 11.Rb1 Bg7 12.Nd2 b6 13.Qa4 Bb7 14.Ne4 Qc7 15.
Nxc5 1-0

[Event "41st POL-ch"]
[Site "Poznan POL"]
[Date "1984.02.??"]
[Round "3"]
[White "Nowak, Ignacy"]
[Black "Bany, Jerzy"]
[Result "1/2-1/2"]
[WhiteElo "2360"]
[BlackElo "2430"]
[EventDate "1984.02.12"]
[PlyCount "94"]

1.c4 Nf6 2.Nf3 c6 3.Nc3 d5 4.d4 a6 5.cxd5 cxd5 6.Bf4 Nc6 7.e3 Bg4 8.Be2 e6
9.O-O Be7 10.Ne5 Bxe2 11.Nxe2 Nxe5 12.Bxe5 O-O 13.Qb3 Qd7 14.Rfc1 Rfc8 15.
Bxf6 Bxf6 16.Nf4 Rxc1+ 17.Rxc1 Rc8 18.Rxc8+ Qxc8 19.Nd3 Be7 20.Kf1 g6 21.
Ke2 Bd6 22.h3 Qc7 23.Kd1 Kg7 24.a4 b6 25.Qc2 Qd7 26.b3 a5 27.Qc3 Qb7 28.
Kc2 Qd7 29.Kb2 Qb7 30.f4 h5 31.g4 hxg4 32.hxg4 Qa8 33.g5 Qh8 34.Qc6 Bb4 
35.Nxb4 axb4 36.Qc2 Qd8 37.Qd2 Qd6 38.Kc2 Qe7 39.Kd3 Qd6 40.Ke2 Qe7 41.Kf3
Qd6 42.Qe2 Qc6 43.Qe1 Qd6 44.Kg3 Kg8 45.Qc1 Qd7 46.Qc2 Qb7 47.Kf2 Kg7 
1/2-1/2

[Event "41st POL-ch"]
[Site "Poznan POL"]
[Date "1984.02.??"]
[Round "3"]
[White "Szymczak, Zbigniew"]
[Black "Sznapik, Aleksander"]
[Result "0-1"]
[WhiteElo "2355"]
[BlackElo "2460"]
[EventDate "1984.02.12"]
[PlyCount "88"]

1.d4 Nf6 2.c4 c5 3.d5 b5 4.Nf3 g6 5.cxb5 a6 6.Qc2 d6 7.e4 Bg7 8.Nc3 O-O 9.
Bg5 h6 10.Bf4 Qa5 11.Bd2 Bg4 12.h3 Bxf3 13.gxf3 axb5 14.Nxb5 Qb6 15.Bc4 
Na6 16.Rg1 Nb4 17.Qc1 Nxa2 18.Rxa2 Rxa2 19.Bxa2 Qxb5 20.Bc4 Qb7 21.Kf1 h5 
22.Bc3 h4 23.Qg5 Nh7 24.Qxh4 Bxc3 25.bxc3 Kg7 26.Qf4 Nf6 27.Qe3 Rh8 28.Kg2
Qc8 29.Rh1 Rh4 30.Qg5 Qh8 31.Bd3 Qh5 32.Qxh5 Nxh5 33.Ra1 g5 34.Bf1 f5 35.
exf5 Nf4+ 36.Kg3 Nxd5 37.c4 Nf4 38.Re1 Kf6 39.Re3 Nh5+ 40.Kg2 Ng7 41.Bd3 
Nxf5 42.Re1 Rd4 43.Bf1 Rf4 44.Be2 e6 0-1

[Event "41st POL-ch"]
[Site "Poznan POL"]
[Date "1984.02.??"]
[Round "3"]
[White "Dejkalo, Stefan"]
[Black "Ksieski, Zbigniew"]
[Result "0-1"]
[WhiteElo "2335"]
[BlackElo "2400"]
[EventDate "1984.02.12"]
[PlyCount "82"]

1.c4 Nf6 2.Nc3 e6 3.e4 d5 4.cxd5 exd5 5.e5 d4 6.exf6 dxc3 7.dxc3 Qxf6 8.
Nf3 h6 9.Bd3 Bd6 10.Qe2+ Qe7 11.Qxe7+ Kxe7 12.Nd4 Be5 13.Be3 Re8 14.O-O 
Kf8 15.Rfe1 Bd7 16.Rad1 Nc6 17.Nb3 Bd6 18.Bc5 Rxe1+ 19.Rxe1 Be6 20.Bxd6+ 
cxd6 21.Rd1 g5 22.Be4 Ke7 23.Nc1 Rd8 24.Bd5 Bxd5 25.Rxd5 Ke6 26.Rd1 b5 27.
Ne2 d5 28.f3 a5 29.a3 b4 30.cxb4 axb4 31.a4 d4 32.Kf2 Kd5 33.Ke1 Re8 34.
Rd3 Kc4 35.Kd2 b3 36.f4 g4 37.h3 f5 38.Nc1 Na5 39.hxg4 fxg4 40.Rg3 h5 41.
Rd3 h4 0-1

[Event "41st POL-ch"]
[Site "Poznan POL"]
[Date "1984.02.??"]
[Round "3"]
[White "Staniszewski, Piotr"]
[Black "Zolnierowicz, Krzysztof"]
[Result "1-0"]
[WhiteElo "2405"]
[BlackElo "2330"]
[EventDate "1984.02.12"]
[PlyCount "69"]

1.d4 Nf6 2.Nf3 e6 3.g3 Be7 4.Bg2 O-O 5.c4 d5 6.O-O c5 7.cxd5 exd5 8.Be3 
Ng4 9.Bf4 Nc6 10.Nc3 Be6 11.Rc1 Rc8 12.dxc5 Bxc5 13.Na4 Be7 14.Nc5 Bxc5 
15.Rxc5 Qb6 16.Rc2 d4 17.b3 Rfd8 18.h3 Nf6 19.Bg5 Nb4 20.Rxc8 Bxc8 21.Qd2 
a5 22.Rc1 h6 23.Bh4 Bf5 24.a3 Na6 25.Bxf6 gxf6 26.Qxh6 Nc5 27.g4 Nxb3 28.
g5 Bg6 29.gxf6 Qxf6 30.Rc7 b5 31.Ng5 d3 32.Ne4 Qa1+ 33.Kh2 Qe5+ 34.f4 Qxc7
35.Nf6# 1-0

[Event "41st POL-ch"]
[Site "Poznan POL"]
[Date "1984.02.??"]
[Round "3"]
[White "Pokojowczyk, Jerzy"]
[Black "Adamski, Jan"]
[Result "1/2-1/2"]
[WhiteElo "2370"]
[BlackElo "2460"]
[EventDate "1984.02.12"]
[PlyCount "44"]

1.e4 c5 2.Nf3 e6 3.d4 cxd4 4.Nxd4 a6 5.Bd3 Nf6 6.O-O d6 7.c4 b6 8.Nc3 Bb7 
9.f4 Be7 10.b3 O-O 11.Bb2 Nc6 12.Nxc6 Bxc6 13.Qe2 Nd7 14.Kh1 Bf6 15.Rfd1 
Bd4 16.Rac1 Qh4 17.Bb1 e5 18.g3 Qh3 19.Nd5 Bxd5 20.Bxd4 Bb7 21.Bb2 exf4 
22.Rxd6 Rfe8 1/2-1/2

[Event "41st POL-ch"]
[Site "Poznan POL"]
[Date "1984.02.??"]
[Round "3"]
[White "Balicki, Cezary"]
[Black "Sydor, Andrzej"]
[Result "1-0"]
[WhiteElo "2230"]
[BlackElo "2395"]
[EventDate "1984.02.12"]
[PlyCount "61"]

1.d4 Nf6 2.c4 e6 3.Nf3 Bb4+ 4.Bd2 a5 5.g3 d5 6.Qc2 Nc6 7.a3 Be7 8.Bg2 dxc4
9.Qxc4 Qd5 10.Qd3 Qf5 11.Qxf5 exf5 12.Bf4 Nd5 13.Nc3 Nxf4 14.gxf4 Bd7 15.
Ne5 Nxe5 16.fxe5 c6 17.f4 O-O 18.O-O-O Be6 19.e4 Bb3 20.Rd3 Bc4 21.Rh3 
fxe4 22.Bxe4 g6 23.d5 cxd5 24.Bxd5 Ba6 25.Rg1 Rfd8 26.f5 Bc5 27.Rg4 Kg7 
28.f6+ Kg8 29.e6 fxe6 30.Bxe6+ Kh8 31.Rxh7+ 1-0

[Event "41st POL-ch"]
[Site "Poznan POL"]
[Date "1984.02.??"]
[Round "3"]
[White "Schmidt, Wlodzimierz"]
[Black "Stempin, Pawel"]
[Result "1/2-1/2"]
[WhiteElo "2485"]
[BlackElo "2400"]
[EventDate "1984.02.12"]
[PlyCount "59"]

1.d4 Nf6 2.c4 e6 3.Nf3 b6 4.g3 Ba6 5.b3 Bb4+ 6.Bd2 Be7 7.Nc3 Bb7 8.Bg2 O-O
9.O-O Na6 10.Qb1 d5 11.cxd5 exd5 12.Rd1 c5 13.Bf4 Qc8 14.Qb2 Qe6 15.Rac1 
Ne4 16.Be5 Bf6 17.e3 Qf5 18.Bxf6 Qxf6 19.Ne5 Rfd8 20.Nxe4 dxe4 21.Qb1 Qf5 
22.f3 Qg5 23.f4 Qe7 24.dxc5 Nxc5 25.b4 Nd3 26.Nxd3 Rxd3 27.Rxd3 exd3 28.
Bxb7 d2 29.Rd1 Qxe3+ 30.Kg2 1/2-1/2

[Event "41st POL-ch"]
[Site "Poznan POL"]
[Date "1984.02.??"]
[Round "4"]
[White "Flis, Jacek"]
[Black "Balicki, Cezary"]
[Result "1-0"]
[WhiteElo "2360"]
[BlackElo "2230"]
[EventDate "1984.02.12"]
[PlyCount "133"]

1.e4 c5 2.Nf3 e6 3.d4 cxd4 4.Nxd4 Nf6 5.Nc3 d6 6.Be2 Nc6 7.O-O Be7 8.Kh1 
O-O 9.f4 Bd7 10.Nf3 a6 11.Bd3 Nb4 12.Qe2 Bc6 13.Nd4 Nxd3 14.cxd3 Rc8 15.
Be3 b5 16.a3 Bd7 17.Rac1 g6 18.Na2 e5 19.Rxc8 Qxc8 20.Rc1 Qb7 21.Nf3 exf4 
22.Bxf4 Be6 23.Nb4 a5 24.Nc6 Rc8 25.Nxe7+ Qxe7 26.Rxc8+ Bxc8 27.Qc2 Bd7 
28.Qc7 Ne8 29.Qxa5 Qf6 30.Qd2 Bg4 31.Bg5 Qe6 32.Nd4 Qe5 33.Nc6 Qe6 34.Ne7+
Kf8 35.Nd5 f6 36.Qf2 Kg7 37.Qd4 Kf7 38.Bd2 g5 39.Qf2 Kg7 40.Bc3 h6 41.Kg1 
Qf7 42.Qb6 Bd7 43.h3 Kg6 44.Qd8 Be6 45.Ne7+ Kg7 46.Bb4 Qh5 47.Nd5 Bxd5 48.
exd5 Qe2 49.Bxd6 Nxd6 50.Qxd6 Qxb2 51.Kh2 Qf2 52.Qd7+ Kf8 53.Qd6+ Kg7 54.
Qe7+ Kg6 55.Qe4+ f5 56.Qe5 g4 57.d6 gxh3 58.Kxh3 f4 59.Qe6+ Kg7 60.Qe7+ 
Kg8 61.Qe8+ Kg7 62.Qe5+ Kf7 63.Kh2 Qg3+ 64.Kg1 Qxd3 65.Qe7+ Kg6 66.d7 Qd1+
67.Kf2 1-0

[Event "41st POL-ch"]
[Site "Poznan POL"]
[Date "1984.02.??"]
[Round "4"]
[White "Zolnierowicz, Krzysztof"]
[Black "Nowak, Ignacy"]
[Result "1/2-1/2"]
[WhiteElo "2330"]
[BlackElo "2360"]
[EventDate "1984.02.12"]
[PlyCount "66"]

1.e4 c5 2.Nf3 e6 3.d4 cxd4 4.Nxd4 Nf6 5.Nc3 d6 6.f4 Nc6 7.Be2 Be7 8.Be3 
O-O 9.O-O e5 10.Nb3 exf4 11.Rxf4 Ne8 12.Rf1 Bf6 13.Qd2 Be5 14.Bg5 Nf6 15.
Bd3 h6 16.Bf4 Be6 17.Kh1 Rc8 18.Bxe5 dxe5 19.Nc5 Qe7 20.Nxe6 fxe6 21.Bc4 
Na5 22.Nd5 exd5 23.Bxd5+ Kh7 24.Qxa5 Rxc2 25.Qxa7 Rxb2 26.Rfb1 Rxb1+ 27.
Rxb1 Nxd5 28.exd5 e4 29.Qd4 e3 30.Qd3+ Kh8 31.d6 Qe6 32.Re1 Rd8 33.Rxe3 
Rxd6 1/2-1/2

[Event "41st POL-ch"]
[Site "Poznan POL"]
[Date "1984.02.??"]
[Round "4"]
[White "Adamski, Jan"]
[Black "Dejkalo, Stefan"]
[Result "1-0"]
[WhiteElo "2460"]
[BlackElo "2335"]
[EventDate "1984.02.12"]
[PlyCount "113"]

1.c4 e5 2.g3 Nc6 3.Bg2 g6 4.Nc3 Bg7 5.e4 d6 6.Nge2 Nge7 7.d3 O-O 8.O-O Be6
9.Nd5 f5 10.Be3 Rf7 11.Qd2 Qd7 12.Rac1 Raf8 13.b4 Nc8 14.b5 Nd8 15.exf5 
Bxf5 16.d4 Bh3 17.dxe5 Bxg2 18.Kxg2 dxe5 19.Rcd1 Qg4 20.f4 Nd6 21.Qd3 e4 
22.Qc2 c6 23.Bc5 Nf5 24.Ne3 Nxe3+ 25.Bxe3 Qh5 26.h3 Qf5 27.g4 Qe6 28.Ng3 
Re8 29.f5 Qe7 30.Rf4 Qa3 31.Rxe4 Rfe7 32.Rd3 Qb4 33.Rxe7 Qxe7 34.Bf4 Qc5 
35.Bd6 Qb6 36.a4 cxb5 37.cxb5 Nf7 38.Bf4 a6 39.bxa6 Qxa6 40.Re3 Rxe3 41.
Bxe3 Be5 42.g5 Qd6 43.Qc8+ Nd8 44.Qc4+ Kh8 45.Ne4 Qd7 46.f6 Nf7 47.Nf2 h6 
48.Qe4 Kh7 49.Ng4 Bc3 50.gxh6 b5 51.Qe7 Qd5+ 52.Kg1 bxa4 53.Qf8 Qd1+ 54.
Kf2 Be1+ 55.Kg2 Qd5+ 56.Kf1 Qd3+ 57.Kxe1 1-0

[Event "41st POL-ch"]
[Site "Poznan POL"]
[Date "1984.02.??"]
[Round "4"]
[White "Bany, Jerzy"]
[Black "Swic, Waldemar"]
[Result "1-0"]
[WhiteElo "2430"]
[BlackElo "2365"]
[EventDate "1984.02.12"]
[PlyCount "109"]

1.Nf3 d5 2.d4 Nf6 3.g3 g6 4.Bg2 Bg7 5.O-O O-O 6.c4 dxc4 7.Na3 c3 8.Nc4 c5 
9.bxc3 Nc6 10.Ba3 Be6 11.Nce5 Nxe5 12.Nxe5 cxd4 13.cxd4 Nd5 14.Qd2 Rc8 15.
Rfc1 Rxc1+ 16.Rxc1 Nb6 17.Qb4 Bxa2 18.Bxb7 Qb8 19.Qxe7 Re8 20.Qc7 Bxe5 21.
dxe5 Nc4 22.Qxb8 Rxb8 23.Bd5 Nxa3 24.Bxa2 Rb7 25.Rc5 Kg7 26.Ra5 Nc2 27.f4 
Ne3 28.h3 h5 29.Kf2 Nd1+ 30.Kf3 Rc7 31.e3 Nc3 32.Bb3 Rb7 33.Bc4 Rc7 34.Bd3
Rd7 35.Bc2 Rd2 36.Bb3 Rb2 37.Bd5 Nxd5 38.Rxd5 Rb7 39.Ra5 Kf8 40.Ra6 Ke7 
41.g4 hxg4+ 42.Kxg4 Kf8 43.h4 Kg7 44.e6 fxe6 45.Rxe6 a5 46.Ra6 Rb3 47.e4 
Ra3 48.h5 gxh5+ 49.Kxh5 Ra4 50.Re6 Ra1 51.Kg5 a4 52.Re7+ Kf8 53.Ra7 a3 54.
Kf6 Ke8 55.e5 1-0

[Event "41st POL-ch"]
[Site "Poznan POL"]
[Date "1984.02.??"]
[Round "4"]
[White "Stempin, Pawel"]
[Black "Pokojowczyk, Jerzy"]
[Result "1/2-1/2"]
[WhiteElo "2400"]
[BlackElo "2370"]
[EventDate "1984.02.12"]
[PlyCount "49"]

1.d4 Nf6 2.c4 e6 3.Nf3 Bb4+ 4.Nbd2 b6 5.a3 Bxd2+ 6.Qxd2 Bb7 7.b4 d6 8.Bb2 
Nbd7 9.e3 a5 10.Be2 Ne4 11.Qd3 f5 12.O-O O-O 13.Nd2 Rf6 14.d5 Rh6 15.Nxe4 
Qh4 16.h3 fxe4 17.Qd1 e5 18.Bg4 Nf6 19.Be6+ Kh8 20.Rc1 axb4 21.axb4 Bc8 
22.Ra1 Rxa1 23.Qxa1 Bxe6 24.dxe6 Ne8 25.e7 1/2-1/2

[Event "41st POL-ch"]
[Site "Poznan POL"]
[Date "1984.02.??"]
[Round "4"]
[White "Sydor, Andrzej"]
[Black "Schmidt, Wlodzimierz"]
[Result "1/2-1/2"]
[WhiteElo "2395"]
[BlackElo "2485"]
[EventDate "1984.02.12"]
[PlyCount "30"]

1.d4 Nf6 2.Nf3 g6 3.Bg5 Bg7 4.Nbd2 d5 5.e3 O-O 6.Bd3 b6 7.Qe2 Bb7 8.O-O 
Ne4 9.Bh4 c5 10.c3 a6 11.Rad1 Re8 12.Bb1 Nxd2 13.Rxd2 Qc8 14.e4 dxe4 15.
Bxe4 Nd7 1/2-1/2

[Event "41st POL-ch"]
[Site "Poznan POL"]
[Date "1984.02.??"]
[Round "4"]
[White "Sznapik, Aleksander"]
[Black "Ksieski, Zbigniew"]
[Result "1-0"]
[WhiteElo "2460"]
[BlackElo "2400"]
[EventDate "1984.02.12"]
[PlyCount "45"]

1.e4 c5 2.Nf3 e6 3.d4 cxd4 4.Nxd4 Nf6 5.Nc3 d6 6.g4 h6 7.Be3 Nc6 8.Be2 a6 
9.Rg1 Be7 10.Qd2 Nxd4 11.Qxd4 e5 12.Qd3 Be6 13.O-O-O Qa5 14.Kb1 Rc8 15.Nd5
Bxd5 16.exd5 Qa4 17.c4 Nd7 18.h4 Nc5 19.Qf5 Qd7 20.Qc2 Bxh4 21.b4 Na4 22.
g5 h5 23.Bd3 1-0

[Event "41st POL-ch"]
[Site "Poznan POL"]
[Date "1984.02.??"]
[Round "5"]
[White "Ksieski, Zbigniew"]
[Black "Adamski, Jan"]
[Result "1/2-1/2"]
[WhiteElo "2400"]
[BlackElo "2460"]
[EventDate "1984.02.12"]
[PlyCount "28"]

1.d4 d5 2.c4 dxc4 3.Nf3 Nf6 4.g3 c5 5.Qa4+ Nc6 6.dxc5 Qa5+ 7.Qxa5 Nxa5 8.
Bg2 e6 9.Bd2 Nc6 10.Na3 Bxc5 11.Nxc4 Ne4 12.Be3 Bxe3 13.Nxe3 Nd6 14.Nd2 
Bd7 1/2-1/2

[Event "41st POL-ch"]
[Site "Poznan POL"]
[Date "1984.02.??"]
[Round "5"]
[White "Schmidt, Wlodzimierz"]
[Black "Flis, Jacek"]
[Result "1-0"]
[WhiteElo "2485"]
[BlackElo "2360"]
[EventDate "1984.02.12"]
[PlyCount "81"]

1.d4 Nf6 2.c4 g6 3.Nc3 Bg7 4.e4 d6 5.Be2 O-O 6.Bg5 Nbd7 7.f4 c5 8.e5 Ne8 
9.Nf3 cxd4 10.Qxd4 dxe5 11.fxe5 Nc7 12.Qe3 Ne6 13.Bh4 Qa5 14.Bxe7 Re8 15.
Bd6 Nd8 16.b4 Qa3 17.Rb1 Bh6 18.Qxh6 Qxc3+ 19.Kf2 Nc6 20.Rhc1 Ndxe5 21.
Qxh7+ Kxh7 22.Rxc3 Ng4+ 23.Ke1 Bf5 24.Rbb3 a5 25.bxa5 Nxa5 26.Ra3 Nc6 27.
Rxa8 Rxa8 28.h3 Nf6 29.Ng5+ Kh6 30.Nxf7+ Kg7 31.Ng5 Rxa2 32.Bf3 Ra1+ 33.
Kf2 Rb1 34.Re3 Rb2+ 35.Kg1 Rd2 36.c5 Nd5 37.Re8 Bd7 38.Ra8 Rd3 39.h4 Ndb4 
40.Rf8 Ne5 41.Rf4 1-0

[Event "41st POL-ch"]
[Site "Poznan POL"]
[Date "1984.02.??"]
[Round "5"]
[White "Swic, Waldemar"]
[Black "Zolnierowicz, Krzysztof"]
[Result "1/2-1/2"]
[WhiteElo "2365"]
[BlackElo "2330"]
[EventDate "1984.02.12"]
[PlyCount "109"]

1.e4 e5 2.Nf3 Nc6 3.Bb5 g6 4.c3 Bg7 5.O-O Nge7 6.d4 O-O 7.d5 a6 8.Be2 Na7 
9.c4 d6 10.Nc3 h6 11.Ne1 Bd7 12.Be3 f5 13.f3 f4 14.Bf2 g5 15.b4 Rf7 16.Nd3
h5 17.a4 Bf6 18.Be1 Rg7 19.Nf2 Kh8 20.h3 Ng8 21.Qd3 Nh6 22.Ncd1 Nc8 23.Bc3
Qg8 24.a5 g4 25.fxg4 Ne7 26.Ra3 Ng6 27.Be1 Nh4 28.Bf3 hxg4 29.Nxg4 Nxg4 
30.Bxh4 Bxh4 31.Bxg4 Bxg4 32.hxg4 Bg3 33.Nf2 Qh7 34.Nh3 Rag8 35.Rf3 Rxg4 
36.Kf1 Rh4 37.Qe2 Qd7 38.b5 Rh7 39.Qb2 Qg4 40.bxa6 bxa6 41.Rab3 Qg6 42.Rb8
Qxe4 43.Rxg8+ Kxg8 44.Qb8+ Kg7 45.Rxg3+ fxg3 46.Qxc7+ Kh6 47.Qxd6+ Qg6 48.
Qxe5 Rf7+ 49.Ke1 Qb1+ 50.Kd2 Qb4+ 51.Kd3 Qa3+ 52.Qc3 Qxc3+ 53.Kxc3 Rf1 54.
Kd4 Kg6 55.Ke5 1/2-1/2

[Event "41st POL-ch"]
[Site "Poznan POL"]
[Date "1984.02.??"]
[Round "5"]
[White "Nowak, Ignacy"]
[Black "Szymczak, Zbigniew"]
[Result "1/2-1/2"]
[WhiteElo "2360"]
[BlackElo "2355"]
[EventDate "1984.02.12"]
[PlyCount "47"]

1.Nf3 d5 2.d4 Nf6 3.c4 dxc4 4.e3 e6 5.Bxc4 a6 6.a4 c5 7.O-O Qc7 8.Qe2 Nc6 
9.Nc3 Bd6 10.Bd2 O-O 11.h3 e5 12.d5 Ne7 13.e4 Ng6 14.Rfe1 h6 15.Qd1 Bd7 
16.a5 Rae8 17.Na4 Bb5 18.Qb3 Bxc4 19.Qxc4 Qe7 20.Rac1 Nd7 21.Be3 Rc8 22.
Nd2 Nf4 23.Qc3 c4 24.Nxc4 1/2-1/2

[Event "41st POL-ch"]
[Site "Poznan POL"]
[Date "1984.02.??"]
[Round "5"]
[White "Dejkalo, Stefan"]
[Black "Stempin, Pawel"]
[Result "1/2-1/2"]
[WhiteElo "2335"]
[BlackElo "2400"]
[EventDate "1984.02.12"]
[PlyCount "48"]

1.c4 c5 2.Nf3 Nf6 3.g3 b6 4.Bg2 Bb7 5.O-O e6 6.Nc3 Be7 7.b3 d5 8.e3 dxc4 
9.bxc4 O-O 10.Bb2 Nc6 11.Qe2 Qc7 12.d3 Rfd8 13.Rfd1 a6 14.Rab1 Rab8 15.Ba1
Na7 16.a4 Bc6 17.Ne1 Ne8 18.Bxc6 Nxc6 19.f4 Nd6 20.Nf3 Rb7 21.Ne5 Nf5 22.
Ne4 f6 23.Ng4 Na7 24.Ngf2 Qc6 1/2-1/2